00000000nam##2200000za#4500
0019.519793
003CaOODSP
00520200325151715
007ta
008150406|1992||||xxc|||||     f|0| 0 fre|d
020 |a0-662-58702-2
040 |aCaOODSP|bfre
041 |aeng
041 |afre
043 |an-cn---
0861 |aEn49-24/1-16
1101 |aCanada.|bEnvironnement Canada. |bProtection de l'environnement.
24510|aMéthode de référence en vue du dosage des halogènes organiques adsorbables (AOX) dans les eaux naturelles et les eaux usées / |cPublié par le Centre technique des eaux usées.
260 |aOttawa - Ontario : |bEnvironnement Canada. |c1992.
300 |aTexte français, 20p. : |bfigures, références, tableaux ; |c28 cm.
4901 |aSérie de la Protection de l'environnement. Méthode de référence|vSPE 1/RM/16
546 |aBilingue
563 |aCouverture souple
791 |tReference method for the determination of adsorbable organic halogens (AOX) in waters and wastewaters / |eeng|w(CaOODSP)9.519792
830#0|aSérie de la Protection de l'environnement. Méthode de référence ;|vSPE 1/RM/16|w(CaOODSP)9.509283